| 000 | 00481nam a2200145 a 4500 | ||
|---|---|---|---|
| 001 | 000040812 | ||
| 005 | 20201002034410.0 | ||
| 008 | 130906s2008 ag 000 0 spa d | ||
| 040 |
_aDO-SdBNP _bspa _cBNPHU |
||
| 100 | 1 |
_aBonillas-Musoles, F. _967234 |
|
| 245 | 1 | 0 |
_aObstetricia, reproducción y ginecología básicas / _cF. Bonillas Musoles, A. Pellicer. |
| 260 |
_aBuenos Aires : _bMédica Panamericana, _c2008. |
||
| 300 |
_a827 p. : _bil. ; _c20 cm. |
||
| 700 | 1 |
_aPellicer, A. _967235 |
|
| 999 |
_c40302 _d40302 |
||